| 000 | 00561nam a2200169 4500 | ||
|---|---|---|---|
| 001 | 121928 | ||
| 003 | ES-MaACL | ||
| 005 | 20230906191852.0 | ||
| 007 | t| | ||
| 008 | 070214s1973 sp r ||||1| spa d | ||
| 100 | 1 |
_aPocztar, Jerry. _992708 |
|
| 245 | 1 | 0 |
_aTeorías y práctica de la enseñanza programada _b: guía para uso de educadores / _cJerry Pocztar ; traducción: Juan L. Bestard. |
| 260 |
_aBarcelona : _bTeide, _c1973. |
||
| 300 |
_a203 p., 1 lám. : _bil. ; _c22 cm. |
||
| 700 | 1 |
_aBestard, Juan L. _928617 |
|
| 852 |
_aES-MaACL _jC-55113 _bR.87799 |
||
| 999 |
_c121928 _d121928 |
||